Государственная символика Российской Федерации: Конституция РФ; Государственный флаг РФ; Государственный герб РФ; Государственный гимн РФ

Bibliographic Details
Language:Russian
Published: Москва, Экзамен, 2001
Subjects:
Format: Book
KOHA link:https://koha.lib.tpu.ru/cgi-bin/koha/opac-detail.pl?biblionumber=48762

MARC

LEADER 00000nam0a2200000 4500
001 48762
005 20231031032346.0
010 |a 5821202779 
035 |a (RuTPU)RU\TPU\book\51066 
090 |a 48762 
100 |a 20030321d2001 m y0rusy50 ca 
101 0 |a rus 
102 |a RU 
105 |a y n 000zy 
200 1 |a Государственная символика Российской Федерации  |e Конституция РФ  |e Государственный флаг РФ  |e Государственный герб РФ  |e Государственный гимн РФ 
210 |a Москва  |c Экзамен  |d 2001 
215 |a 64 с. 
610 1 |a право 
610 1 |a Российская Федерация 
610 1 |a государственная символика 
610 1 |a Конституция 
610 1 |a государственный флаг 
610 1 |a государственный герб 
610 1 |a государственный гимн 
686 |a Х620.8  |v LBC/SL-A  |2 rubbk 
801 1 |a RU  |b 63413507  |c 20030321  |g PSBO 
801 2 |a RU  |b 63413507  |c 20200515  |g PSBO 
942 |c BK